Fundamentals Of Thermodynamics (Record no. 7497)

MARC details
000 -LEADER
fixed length control field 00429nam a2200169Ia 4500
008 - FIXED-LENGTH DATA ELEMENTS--GENERAL INFORMATION
fixed length control field 221030s9999 xx 000 0 und d
020 ## - INTERNATIONAL STANDARD BOOK NUMBER
ISBN 9971512653
041 ## - LANGUAGE CODE
Language code of text/sound track or separate title
082 ## - DEWEY DECIMAL CLASSIFICATION NUMBER
Classification number 105.23
Item number Son
100 ## - MAIN ENTRY--AUTHOR NAME
Personal name R. E. Sonntag
245 #0 - TITLE STATEMENT
Title Fundamentals Of Thermodynamics
Statement of responsibility, etc by R. E. Sonntag, C. Borgnakke
260 ## - PUBLICATION, DISTRIBUTION, ETC. (IMPRINT)
Name of publisher John Wiley
Place of publication India
Year of publication 2000
300 ## - PHYSICAL DESCRIPTION
Number of Pages 783
650 ## - SUBJECT ADDED ENTRY--TOPICAL TERM
Topical Term Mechanical
700 ## - ADDED ENTRY--PERSONAL NAME
Personal name C. Borgnakke
942 ## - ADDED ENTRY ELEMENTS (KOHA)
Koha item type Books
Holdings
Accession Number Cost, normal purchase price Full call number Price effective from Koha item type Withdrawn / writtenoff status Materials specified (bound volume or other part) Damaged status Not for loan Permanent Location Current Location Shelving location Date acquired Lost/ Missing status department
BE 4041 443.00 105.23 Son 10/30/2022 Books   Print     MIET Library, Jammu MIET Library, Jammu BL-Academic Block- C, FL-2, CUP-4, SH-2, R-2 07/25/2001   BE
BE 4042 443.00 105.23 Son 10/30/2022 Books   Print     MIET Library, Jammu MIET Library, Jammu BL-Academic Block- C, FL-2, CUP-4, SH-2, R-2 07/25/2001   BE
BE 4043 443.00 105.23 Son 10/30/2022 Books   Print   Not For Loan MIET Library, Jammu MIET Library, Jammu BL-Second, FL-1, CUP-71, SH-2, R-2 07/25/2001   BE